[Event "EYCC 2024 - O18"]
[Site "?"]
[Date "2024.08.26"]
[Round "5.2"]
[White "Macias Pino, Diego"]
[Black "Piliposyan, Robert"]
[Result "1/2-1/2"]
[BlackElo "2376"]
[WhiteElo "2477"]
[LiveChessVersion "1.4.8"]

1. e4 {[%clk 1:30:54]} e5 {[%clk 1:30:54]} 2. Nf3 {[%clk 1:31:20]} Nc6
{[%clk 1:31:22]} 3. Bb5 {[%clk 1:31:45]} a6 {[%clk 1:31:48]} 4. Ba4
{[%clk 1:32:11]} Nf6 {[%clk 1:32:15]} 5. O-O {[%clk 1:32:37]} Nxe4
{[%clk 1:32:43]} 6. d4 {[%clk 1:33:02]} b5 {[%clk 1:33:09]} 7. Bb3
{[%clk 1:33:28]} d5 {[%clk 1:33:37]} 8. dxe5 {[%clk 1:33:53]} Be6
{[%clk 1:34:04]} 9. Be3 {[%clk 1:34:18]} Be7 {[%clk 1:24:19]} 10. c3
{[%clk 1:34:40]} Nc5 {[%clk 1:18:41]} 11. Nbd2 {[%clk 1:27:06]} Nd3
{[%clk 1:05:46]} 12. Bc2 {[%clk 1:19:00]} Nxb2 {[%clk 0:52:33]} 13. Qb1
{[%clk 1:18:06]} 1/2-1/2

[Event "EYCC 2024 - O18"]
[Site "?"]
[Date "2024.08.26"]
[Round "5.7"]
[White "Smolik, Jachym"]
[Black "Klimkowski, Jan"]
[Result "1-0"]
[BlackElo "2508"]
[WhiteElo "2290"]
[LiveChessVersion "1.4.8"]

1. c4 {[%clk 1:30:59]} e6 {[%clk 1:30:32]} 2. Nc3 {[%clk 1:31:16]} d5
{[%clk 1:30:57]} 3. d4 {[%clk 1:31:02]} c6 {[%clk 1:31:23]} 4. e3
{[%clk 1:30:45]} Nf6 {[%clk 1:31:48]} 5. b3 {[%clk 1:28:03]} Bb4 {[%clk 1:28:32]}
6. Bd2 {[%clk 1:28:22]} O-O {[%clk 1:27:35]} 7. a3 {[%clk 1:27:20]} Bd6
{[%clk 1:26:26]} 8. Nf3 {[%clk 1:22:23]} Qe7 {[%clk 1:24:47]} 9. b4
{[%clk 1:05:15]} Nbd7 {[%clk 1:18:53]} 10. Qb3 {[%clk 1:04:47]} dxc4
{[%clk 1:10:21]} 11. Bxc4 {[%clk 1:05:02]} e5 {[%clk 1:10:37]} 12. Be2
{[%clk 0:58:12]} e4 {[%clk 1:09:07]} 13. Nh4 {[%clk 0:52:07]} Nb6
{[%clk 1:06:51]} 14. g3 {[%clk 0:48:44]} Bh3 {[%clk 1:01:56]} 15. Bf1
{[%clk 0:48:24]} Qd7 {[%clk 0:58:14]} 16. Bxh3 {[%clk 0:43:43]} Qxh3
{[%clk 0:58:38]} 17. Ne2 {[%clk 0:44:09]} Nfd5 {[%clk 0:55:53]} 18. Qc2
{[%clk 0:41:35]} Rfe8 {[%clk 0:53:20]} 19. Ng1 {[%clk 0:41:37]} Qe6
{[%clk 0:53:38]} 20. Ng2 {[%clk 0:41:52]} Nd7 {[%clk 0:47:55]} 21. Nf4
{[%clk 0:40:31]} Bxf4 {[%clk 0:43:23]} 22. gxf4 {[%clk 0:40:27]} b6
{[%clk 0:38:55]} 23. Ne2 {[%clk 0:40:25]} Rac8 {[%clk 0:38:58]} 24. Ng3
{[%clk 0:37:09]} c5 {[%clk 0:36:11]} 25. f5 {[%clk 0:25:40]} Qe7 {[%clk 0:34:59]}
26. Qc4 {[%clk 0:25:12]} N5f6 {[%clk 0:31:28]} 27. Bc3 {[%clk 0:19:56]} cxd4
{[%clk 0:25:16]} 28. Qxd4 {[%clk 0:20:25]} h5 {[%clk 0:23:57]} 29. h4
{[%clk 0:16:50]} Rcd8 {[%clk 0:21:34]} 30. Rg1 {[%clk 0:15:10]} Ne5
{[%clk 0:16:46]} 31. Qxe5 {[%clk 0:15:34]} Qxe5 {[%clk 0:17:13]} 32. Bxe5
{[%clk 0:15:57]} Rxe5 {[%clk 0:17:39]} 33. Ke2 {[%clk 0:15:04]} g6
{[%clk 0:15:30]} 34. Rac1 {[%clk 0:11:00]} Rd7 {[%clk 0:13:38]} 35. Rgd1
{[%clk 0:09:10]} Rxd1 {[%clk 0:13:53]} 36. Kxd1 {[%clk 0:09:14]} gxf5
{[%clk 0:13:31]} 37. Rc7 {[%clk 0:09:14]} a5 {[%clk 0:10:39]} 38. Rc6
{[%clk 0:07:18]} Re6 {[%clk 0:08:53]} 39. Rc8+ {[%clk 0:07:19]} Kh7
{[%clk 0:09:18]} 40. bxa5 {[%clk 0:06:45]} bxa5 {[%clk 0:09:39]} 41. Rc5
{[%clk 0:05:55]} Rd6+ {[%clk 0:08:54]} 42. Kc2 {[%clk 0:05:34]} Rd5
{[%clk 0:06:00]} 43. Rxd5 {[%clk 0:04:09]} Nxd5 {[%clk 0:06:29]} 44. Nxh5
{[%clk 0:01:54]} Kg6 {[%clk 0:06:52]} 45. Ng3 {[%clk 0:02:24]} Kf6
{[%clk 0:06:11]} 46. Kb3 {[%clk 0:02:43]} Ke5 {[%clk 0:04:42]} 47. h5
{[%clk 0:02:22]} Nf6 {[%clk 0:01:21]} 48. h6 {[%clk 0:02:35]} f4 {[%clk 0:01:07]}
49. exf4+ {[%clk 0:00:43]} Kd4 {[%clk 0:01:36]} 50. Ka4 {[%clk 0:00:49]} Kd3
{[%clk 0:02:01]} 51. Kxa5 {[%clk 0:01:11]} e3 {[%clk 0:02:25]} 52. fxe3
{[%clk 0:01:33]} Kxe3 {[%clk 0:02:52]} 53. Nh5 {[%clk 0:01:42]} Nh7
{[%clk 0:03:19]} 54. Kb6 {[%clk 0:01:56]} Kf3 {[%clk 0:03:48]} 55. a4
{[%clk 0:02:07]} Kg4 {[%clk 0:04:15]} 56. a5 {[%clk 0:01:47]} 1-0

[Event "EYCC 2024 - O18"]
[Site "?"]
[Date "2024.08.26"]
[Round "5.8"]
[White "Rozen, Eytan"]
[Black "Eilenberg, Jonas"]
[Result "1-0"]
[BlackElo "2285"]
[WhiteElo "2478"]
[LiveChessVersion "1.4.8"]

1. d4 {[%clk 1:30:55]} d5 {[%clk 1:30:53]} 2. c4 {[%clk 1:31:22]} c6
{[%clk 1:31:18]} 3. Nf3 {[%clk 1:31:05]} Nf6 {[%clk 1:31:41]} 4. Qc2
{[%clk 1:29:14]} dxc4 {[%clk 1:32:03]} 5. Qxc4 {[%clk 1:28:58]} Bf5
{[%clk 1:32:26]} 6. g3 {[%clk 1:29:22]} e6 {[%clk 1:32:48]} 7. Bg2
{[%clk 1:29:46]} Be7 {[%clk 1:33:02]} 8. O-O {[%clk 1:30:09]} O-O
{[%clk 1:33:26]} 9. Nc3 {[%clk 1:30:09]} Nbd7 {[%clk 1:33:25]} 10. Qb3
{[%clk 1:30:14]} Qb6 {[%clk 1:32:31]} 11. Bg5 {[%clk 1:28:51]} h6
{[%clk 1:29:24]} 12. Bxf6 {[%clk 1:29:15]} Nxf6 {[%clk 1:29:36]} 13. e3
{[%clk 1:27:05]} Rfd8 {[%clk 1:27:19]} 14. Rfc1 {[%clk 1:26:06]} Bh7
{[%clk 1:23:06]} 15. Ne5 {[%clk 1:22:03]} Nd7 {[%clk 1:14:35]} 16. Nc4
{[%clk 1:16:05]} Qa6 {[%clk 1:04:01]} 17. Ne4 {[%clk 1:06:34]} Nb6
{[%clk 0:58:14]} 18. Ne5 {[%clk 0:51:40]} Bxe4 {[%clk 0:52:14]} 19. Bxe4
{[%clk 0:51:55]} Qa4 {[%clk 0:51:56]} 20. Qd3 {[%clk 0:38:28]} Nd7
{[%clk 0:41:19]} 21. Bh7+ {[%clk 0:32:36]} Kf8 {[%clk 0:41:40]} 22. Nxf7
{[%clk 0:33:00]} Kxf7 {[%clk 0:42:06]} 23. Qg6+ {[%clk 0:33:25]} Kf8
{[%clk 0:42:32]} 24. Qxe6 {[%clk 0:33:51]} Qb5 {[%clk 0:41:31]} 25. Qg8#
{[%clk 0:34:19]} 1-0

[Event "EYCC 2024 - O18"]
[Site "?"]
[Date "2024.08.26"]
[Round "5.13"]
[White "Malek, Jan"]
[Black "Seidl, Jan"]
[Result "1-0"]
[BlackElo "2276"]
[WhiteElo "2482"]
[LiveChessVersion "1.4.8"]

1. d4 {[%clk 1:30:59]} d5 {[%clk 1:30:18]} 2. c4 {[%clk 1:31:22]} e6
{[%clk 1:30:45]} 3. Nf3 {[%clk 1:31:41]} Nf6 {[%clk 1:31:10]} 4. Nc3
{[%clk 1:32:06]} c6 {[%clk 1:30:29]} 5. e3 {[%clk 1:32:28]} Nbd7 {[%clk 1:30:17]}
6. Qc2 {[%clk 1:32:50]} Bd6 {[%clk 1:30:40]} 7. Be2 O-O {[%clk 1:30:13]} 8. O-O
{[%clk 1:33:37]} dxc4 {[%clk 1:30:25]} 9. Bxc4 {[%clk 1:34:01]} b5 10. Be2
{[%clk 1:34:24]} Bb7 {[%clk 1:31:15]} 11. e4 {[%clk 1:35:12]} e5 {[%clk 1:31:38]}
12. dxe5 {[%clk 1:35:04]} Nxe5 {[%clk 1:28:10]} 13. Nh4 {[%clk 1:35:24]} g6
{[%clk 1:03:31]} 14. f4 Nc4 15. e5 {[%clk 1:22:34]} Bc5+ {[%clk 1:03:41]} 16. Kh1
{[%clk 1:20:46]} Ng4 17. Bxg4 {[%clk 1:19:57]} Qxh4 {[%clk 0:51:24]} 18. Ne4
{[%clk 1:12:40]} Bd4 {[%clk 0:39:14]} 19. Nf6+ {[%clk 1:07:31]} Kg7 20. Qe4 Bxb2
{[%clk 0:35:12]} 21. Bxb2 {[%clk 1:07:34]} Nxb2 {[%clk 0:34:40]} 22. Rf3
{[%clk 1:06:14]} h5 23. Bd7 Rab8 {[%clk 0:30:31]} 24. g3 {[%clk 1:00:54]} c5
{[%clk 0:30:57]} 25. Qe2 {[%clk 1:01:09]} 1-0